00537 a2200169 45000010006000000050017000060080041000230030015000640400040000790800038001192450074001570200022002312640044002533000032002970410008003291000030003376191820260407155911.0260407a1985 arg spa dAR-UNSa-BCEJYS aAR-UNSa-BCEJYSbspacAR-UNSa-BCEJYS a336.71xBancos. Sistema bancario 10aCompendio jurídico, técnico y práctico de la actividad bancaria a978-950-14-0281-0 1aBuenos Aires :bEdiciones Depalmac1985 a2 v. (735 ; 635 p.)c23 cm. aspa1 aVillegas, Carlos Gilberto